Manual de mecánica industrial.
| Main Authors: | , , |
|---|---|
| Format: | Section = Libro |
| Language: | Undetermined Spanish |
| Published: |
España
Cultural
2002
|
| Subjects: |
| LEADER | 00649nam a2200241Ia 4500 | ||
|---|---|---|---|
| 008 | 241007s9999||||xx |||||||||||||| ||und|| | ||
| 020 | |a 84-8055-282-4 | ||
| 040 | |a BIBLIOTECA-RURC/ 621 M294 | ||
| 041 | |a spa | ||
| 082 | |a 621 M294 | ||
| 100 | 1 | |a Gil Espinoza, Juan Carlos | |
| 100 | 1 | |b Berbos Almenera, Enrique | |
| 100 | 1 | |c Herranz Cortes, Tomas | |
| 245 | 1 | 0 | |a Manual de mecánica industrial. |
| 260 | |a España |b Cultural |c 2002 | ||
| 300 | |a 248 p. :il. | ||
| 650 | 7 | |a NGENIERIA MECANICA - MANUAL | |
| 650 | 7 | |b METROLOGÍA | |
| 650 | 7 | |c SOLDADURA | |
| 650 | 7 | |d MAQUINAS - CONTROL NUMERICO | |
| 942 | |c BK |2 ddc | ||
| 991 | |a TEXTO | ||
| 999 | |c 14450 | ||